000 00594nam a2200193Ia 4500
008 130821s1972 ag gr spa
040 _aCo-BoUCM
_bspa
041 _aspa
100 1 _aLowy, Michael
_9110838
245 1 3 _aLa teoría de la revolución en el Joven Marx
_cMichael Lowy
250 _a3a. ed.
260 _aBuenos Aires (Argentina)
_bSiglo Veintiuno
_c1972
300 _a313 páginas
600 _aMarx, Karl
_d1818-1883
_934075
650 0 4 _aComunismo
_911425
650 0 4 _aSociología
_9386
942 _cLIBRO
_a5
_e3
_mL69
_2DEWEY
_h303.64
999 _c4115
_d4115